00275nam a2200097Ia 4500008004100000082001500041100002300056245005000079260003900129300000900168210430s9999 xx 000 0 und d a331F4691 F aShahrukh Rafi Khan 4aThe Financial MarkctplacecShahrukh Rafi Khan aNew YorkbShahrukh Rafi Khanc1999 a499p